Àrees d'esplai en sòl no urbanitzable : comunicacions presentades el dia 3 de juliol de 1987 al Castell de Montesquiu (Ripollès) comunicacions presentades el dia 3 de juliol de 1987 al Castell de Montesquiu (Ripollès)
ISBN:
84-7794-036-3
Descripción Física:
32 p. : il. ; 30 cm
MARC
| LEADER | 00000nam a2200000Ia 4500 | ||
|---|---|---|---|
| 001 | 12587 | ||
| 008 | 160829s1989 xx 000 0 cat d | ||
| 020 | |a 84-7794-036-3 | ||
| 080 | |a FU-29-15 | ||
| 245 | |a Àrees d'esplai en sòl no urbanitzable : |b comunicacions presentades el dia 3 de juliol de 1987 al Castell de Montesquiu (Ripollès) | ||
| 260 | |a Barcelona : |b Diputació de Barcelona, Servei de Parcs Naturals, |c 1989 | ||
| 300 | |a 32 p. : |b il. ; |c 30 cm | ||
| 650 | |a Zones d'esbarjo |x Catalunya |9 31455 | ||
| 650 | |a Lleure |9 37784 | ||
| 650 | |a Espais naturals |9 19916 | ||
| 710 | |a Barcelona (Catalunya : Província). |b Servei de Parcs Naturals |9 53492 | ||
| 901 | |a Arxiu | ||
| 942 | |n 1 | ||
| 952 | |0 0 |1 0 |4 0 |6 FU2915 |7 1 |9 45606 |a Arxiu |b Arxiu |d 2016-12-01 |l 0 |o FU-29-15 |p 12587 |r 2016-12-01 00:00:00 |w 2016-12-01 |y ARXIU | ||
| 999 | |c 49105 |d 49105 | ||